| 000 | 01173nam0a22003011 4500 | ||
|---|---|---|---|
| 001 | rc\2808170 | ||
| 005 | 20250529181053.0 | ||
| 035 | _a(NLR Aleph) 006934052 | ||
| 090 |
_a7577384 _c7577384 |
||
| 100 | _a20110915d1936 |||y0rusy50 ca | ||
| 101 | 1 |
_arus _ceng |
|
| 102 | _aRU | ||
| 105 | _aa z ||||| | ||
| 200 | 1 |
_aВлияние глинистого раствора на кароттаж _fХ. С. Томас _gПер. с англ. М. О. Лихаревой, под ред. ст. инж. Ф. А. Шамшева |
|
| 210 |
_aЛенинград _cБ. и. _d1936 |
||
| 215 |
_a33 с., 1 л. черт. _d30 см. |
||
| 225 | 1 |
_aПереводы по технологии геологоразведочного дела _fНКТП. ЛО ЦИТЭИН. Глав. геол. упр. Центр. геол. библиотека _v№ 21/0769 |
|
| 300 | _aЛитогр. | ||
| 320 | _aБиблиогр.: стр. 22 | ||
| 700 | 1 |
_aТомас _bХ.С. |
|
| 702 | 1 |
_aЛихарева _bМ.О. _4730 |
|
| 702 | 1 |
_aШамшев _bФ.А. _4730 |
|
| 801 | 0 |
_aRU _bNLR _gpsbo |
|
| 801 | 1 |
_aRU _bELAR _2rusmarc |
|
| 852 |
_aNLR _j36-20/114-21 |
||
| 942 | _cBOOK | ||
| 980 | _aNB | ||